书目信息 |
| 题名: |
机械设计基础
|
|
| 作者: | 陈岚 | |
| 分册: | ||
| 出版信息: | 峨嵋 西南交通大学出版社 2016.03 |
|
| 页数: | 173页 | |
| 开本: | 26cm | |
| 丛书名: | ||
| 单 册: | ||
| 中图分类: | TH122 | |
| 科图分类: | ||
| 主题词: | 机械设计 | |
| 电子资源: | ||
| ISBN: | 978-7-81104-488-1 | |
| 000 | 00581nam0 2200205 450 | |
| 001 | 879 | |
| 005 | 20160912084530.50 | |
| 010 | @a978-7-81104-488-1@b平装@dCNY18.00 | |
| 100 | @a20160724d2016 km y0chiy0120 ea | |
| 101 | 0 | @achi |
| 102 | @aCN@b510000 | |
| 200 | 1 | @a机械设计基础@Aji xie she ji ji chu@f陈岚@Fchen lan |
| 210 | @a峨嵋@c西南交通大学出版社@d2016.03 | |
| 215 | @a173页@d26cm | |
| 330 | @a机械设计·高等学校·技术学校·教材 | |
| 606 | 0 | @a机械设计 |
| 690 | @aTH122@v4 | |
| 701 | 0 | @a陈岚@Achen lan |
| 801 | 0 | @aCN@b唐山师范学院图书馆@c20160724 |
| 905 | @aZUCC@dTH122@e101 | |
| 机械设计基础/陈岚.-峨嵋:西南交通大学出版社,2016.03 |
| 173页;26cm |
| ISBN 978-7-81104-488-1(平装):CNY18.00 |
| 机械设计·高等学校·技术学校·教材 |
| ● |
| 相关链接 |
|
|
|
|
正题名:机械设计基础
索取号:TH122/101
 
预约/预借
| 序号 | 登录号 | 条形码 | 馆藏地/架位号 | 状态 | 备注 |
| 1 | 903824 | 209038245 | 第二样本阅览室/ [索取号:TH122/101] | 在馆 | |
| 2 | 903825 | 209038254 | 第三借阅区/ [索取号:TH122/101] | 在馆 | |
| 3 | 903826 | 209038263 | 第三借阅区/ [索取号:TH122/101] | 在馆 | |
| 4 | 903827 | 209038272 | 第三借阅区/ [索取号:TH122/101] | 在馆 | |
| 5 | 903828 | 209038281 | 第三借阅区/ [索取号:TH122/101] | 在馆 |